Datum a čas kvízu
31.5
Celkem bodů
Celkový počet nahraných bodů na tomto kvízu bez doplňovacích otázek.
6.
Pořadí na kvízu
Konečné umístění týmu na tomto kvízu.
Zaznamenané odpovědi
| # | Otázka | Odpověď | Body | Výsledky |
|---|---|---|---|---|
| 1. | Úředník obce Včelná na Českobu... | Proti Adamu Vojtěchovi. | 1 | |
| 2. | Na poznávacích značkách vozide... | UK | 1 | |
| 3. | Na filmovém festivalu ve franc... | Jodie Fosterová | 0 | |
| 4. | Jak se jmenuje britský miliard... | Richard Branson | 0 | |
| 5. | Španělský obránce Sergio Ramos... | v Paris Saint-Germain/PSG | 1 | |
| 6. | Letošní turnaj byl výjimečný v... | Ázerbájdžán, Rumunsko | 1 | |
| 7. | Patrik Schick vstřelil na turn... | Chorvatska | 0 | |
| 8. | Přiřaďte týmy k jejich umístěn... | 1C 2A 3D 4B | 0 | |
| 9. | Za půl bodu napište jméno česk... | Tomáš Holeš, číslo 9 | 0.5 | |
| 10. | Neuvěřitelné štěstí měl sázkař... | C | 0 |